| 000 | 00541nam a22001937a 4500 | ||
|---|---|---|---|
| 003 | OSt | ||
| 005 | 20140310182757.0 | ||
| 008 | 130207t xxu||||| |||| 00| 0 eng d | ||
| 020 | _a0071152326 | ||
| 020 | _a007019859 | ||
| 050 |
_aHB 172.5 _b.D67 1998 |
||
| 100 | _aDornbusch,Rudiger | ||
| 245 |
_aMacroeconomics / _cRudiger Dornbusch, Stanley Fischer, Richard Startz |
||
| 260 |
_aBoston, Mass : _bIrwin/McGraw-Hill, _c1998. |
||
| 300 |
_axix, 550 p. : _bcol. ill. ; _c24 cm. |
||
| 521 | _aBSA | ||
| 942 |
_2lcc _cBK _kFOR |
||
| 999 |
_c15880 _d15880 |
||